[Event "Gelsenkirchen Koenigsspringer op"]
[Site "Gelsenkirchen"]
[Date "2019.12.28"]
[Round "3"]
[White "Raygrotzki, Norbert"]
[Black "Kolakovic, Klaudio"]
[Result "0-1"]
[WhiteElo "1881"]
[BlackElo "2021"]
[PlyCount "102"]
[EventDate "2019.12.27"]
[EventType "swiss"]
[EventRounds "7"]
[EventCountry "GER"]
[SourceTitle "CBM 194 Extra"]
[Source "ChessBase"]
[SourceDate "2020.03.31"]
[SourceVersion "1"]
[SourceVersionDate "2020.03.31"]
[SourceQuality "1"]

1. e4 c5 2. Nf3 Nc6 3. Bb5 Qc7 4. Nc3 a6 5. Bxc6 dxc6 6. d4 cxd4 7. Qxd4 Bg4 8. Bd2 Rd8 9. Qe3 e5 10. h3 Bxf3 11. Qxf3 Nf6 12. 0-0-0 Be7 13. g4 Nd7 14. h4 Nc5 15. Bg5 Rxd1+ 16. Rxd1 Bxg5+ 17. hxg5 Ne6 18. Qe3 Qe7 19. f3 Qxg5 20. Kd2 Ke7 21. Qxg5+ Nxg5 22. Ke3 Ne6 23. a4 a5 24. Ne2 g6 25. f4 exf4+ 26. Nxf4 Nxf4 27. Kxf4 f6 28. Rd3 Rd8 29. Rh3 Rh8 30. Rb3 Rb8 31. Rh3 b5 32. Rxh7+ Ke6 33. axb5 Rxb5 34. b3 Rc5 35. Ra7 Rxc2 36. Rxa5 Rc3 37. g5 Rxb3 38. gxf6 Kxf6 39. e5+ Ke6 40. Kg5 Rb5 41. Ra6 Rxe5+ 42. Kxg6 Kd6 43. Kf6 Re1 44. Kf5 Kd5 45. Kf4 c5 46. Kf3 c4 47. Kf2 Re7 48. Ra1 c3 49. Re1 Rxe1 50. Kxe1 Kc4 51. Kd1 Kb3 0-1

[Event "Marianske Lazne op 18th"]
[Site "Marianske Lazne"]
[Date "2019.01.22"]
[Round "4"]
[White "Kolakovic, Klaudio"]
[Black "Simet, Martin"]
[Result "0-1"]
[WhiteElo "2059"]
[BlackElo "2223"]
[PlyCount "82"]
[EventDate "2019.01.19"]
[EventType "swiss"]
[EventRounds "9"]
[EventCountry "CZE"]
[SourceTitle "CBM 188 Extra"]
[Source "ChessBase"]
[SourceDate "2019.02.26"]
[SourceVersion "1"]
[SourceVersionDate "2019.02.26"]
[SourceQuality "1"]

1. d4 Nf6 2. Nc3 d5 3. Bg5 Nbd7 4. Nf3 c6 5. e3 e6 6. Be2 Bd6 7. 0-0 Qc7 8. g3 b5 9. Bf4 a6 10. Re1 0-0 11. Bf1 e5 12. dxe5 Nxe5 13. Nxe5 Bxe5 14. Bxe5 Qxe5 15. Qd4 Qh5 16. Be2 Bg4 17. Bf1 Nd7 18. f4 Bf3 19. Be2 Bxe2 20. Rxe2 a5 21. Rae1 b4 22. Na4 Nf6 23. Nc5 Rad8 24. Nb7 Rde8 25. Nc5 Qg4 26. Kg2 Ne4 27. Nxe4 Rxe4 28. Qb6 Rfe8 29. Qxc6 d4 30. h3 Qh5 31. g4 Qh4 32. Qb5 Qe7 33. Kf3 dxe3 34. Qxa5 g6 35. Qg5 Qd6 36. Kg3 f6 37. Qh6 g5 38. Rf1 Rxf4 39. Rxf4 Qxf4+ 40. Kg2 Rd8 41. Qh5 Kg7 0-1

[Event "Gelsenkirchen Silvester op 4th"]
[Site "Gelsenkirchen"]
[Date "2016.12.28"]
[Round "3"]
[White "Kolakovic, Klaudio"]
[Black "Wolter, Detlef"]
[Result "1/2-1/2"]
[WhiteElo "2034"]
[BlackElo "2283"]
[PlyCount "44"]
[EventDate "2016.12.27"]
[EventType "swiss"]
[EventRounds "5"]
[EventCountry "GER"]
[SourceTitle "EXT 2019"]
[Source "ChessBase"]
[SourceDate "2018.10.10"]
[SourceVersion "1"]
[SourceVersionDate "2018.10.10"]
[SourceQuality "1"]

1. e4 c5 2. Nf3 e6 3. d4 cxd4 4. Nxd4 a6 5. Bd3 Qc7 6. c4 g6 7. Nc3 Bg7 8. Be3 Nf6 9. 0-0 0-0 10. Rc1 d6 11. f3 Nbd7 12. b3 b6 13. Qd2 Bb7 14. Rc2 Rac8 15. Qf2 Qb8 16. Rfc1 Rfe8 17. Bf1 d5 18. cxd5 exd5 19. Nxd5 Nxd5 20. Rxc8 Rxc8 21. Rxc8+ Qxc8 22. exd5 Bxd5 1/2-1/2

[Event "Gelsenkirchen Silvester op 4th"]
[Site "Gelsenkirchen"]
[Date "2016.12.27"]
[Round "2"]
[White "Bretz, Christoph"]
[Black "Kolakovic, Klaudio"]
[Result "0-1"]
[WhiteElo "1675"]
[BlackElo "2034"]
[PlyCount "88"]
[EventDate "2016.12.27"]
[EventType "swiss"]
[EventRounds "5"]
[EventCountry "GER"]
[SourceTitle "EXT 2019"]
[Source "ChessBase"]
[SourceDate "2018.10.10"]
[SourceVersion "1"]
[SourceVersionDate "2018.10.10"]
[SourceQuality "1"]

1. e4 g6 2. d4 Bg7 3. Nf3 d6 4. Bc4 c6 5. c3 Nf6 6. Bd3 0-0 7. Bg5 h6 8. Bh4 Qe8 9. 0-0 e5 10. dxe5 dxe5 11. Nbd2 Nh5 12. Bg3 Nxg3 13. fxg3 Qe7 14. Qe2 Rd8 15. Bc4 Be6 16. Bxe6 Qxe6 17. Qc4 Qe7 18. Rad1 b5 19. Qb3 Na6 20. Qc2 Rd7 21. Nb3 Rad8 22. Rxd7 Qxd7 23. Rf2 Qe6 24. Rd2 Bf6 25. h3 Kg7 26. Kh2 c5 27. Rxd8 Bxd8 28. Qd3 c4 29. Qxd8 cxb3 30. a3 Nc5 31. Nd2 Na4 32. Qd5 Qxd5 33. exd5 Nc5 34. Kg1 Kf6 35. c4 a6 36. Kf1 Ke7 37. Ke2 Kd6 38. cxb5 axb5 39. Ke3 Kxd5 40. g4 f5 41. gxf5 gxf5 42. g3 h5 43. h4 Na4 44. Nxb3 Nxb2 0-1

[Event "Muensterland Regionalliga 1516"]
[Site "Germany"]
[Date "2015.11.14"]
[Round "3.3"]
[White "Junker, Axel"]
[Black "Kolakovic, Klaudio"]
[Result "1-0"]
[WhiteElo "1871"]
[BlackElo "1991"]
[PlyCount "129"]
[EventDate "2015.09.05"]
[EventType "team"]
[EventRounds "9"]
[EventCountry "GER"]
[SourceTitle "EXT 2017"]
[Source "ChessBase"]
[SourceDate "2016.10.25"]
[SourceVersion "1"]
[SourceVersionDate "2016.10.25"]
[SourceQuality "1"]
[WhiteTeam "Telgte"]
[BlackTeam "Suedlohn"]
[WhiteTeamCountry "GER"]
[BlackTeamCountry "GER"]

1. c4 d6 2. Nc3 c5 3. Nf3 Nc6 4. d4 cxd4 5. Nxd4 e5 6. Nc2 Be6 7. b3 f5 8. g3 Nf6 9. Bg2 Be7 10. 0-0 0-0 11. Ba3 Qd7 12. Qd2 Rad8 13. Rfd1 h5 14. Nd5 Bxd5 15. cxd5 Nb8 16. Qa5 Rc8 17. Rac1 Na6 18. Ne3 f4 19. Rxc8 Rxc8 20. gxf4 exf4 21. Nc4 Ne8 22. Rd3 g5 23. e3 Bd8 24. Qd2 b5 25. Na5 b4 26. Bxb4 Nxb4 27. Nc6 Nxd3 28. Qxd3 Ng7 29. exf4 g4 30. Qg6 Qf5 31. Qxd6 Bh4 32. Qb4 Qb1+ 33. Bf1 Qc2 34. Qd4 Re8 35. Ne5 Bxf2+ 36. Qxf2 Qxf2+ 37. Kxf2 Nf5 38. Bd3 Nd6 39. Bg6 Rc8 40. Ke3 Rc3+ 41. Kf2 Kg7 42. Bxh5 Ne4+ 43. Ke2 g3 44. hxg3 Nxg3+ 45. Kd2 Ne4+ 46. Ke1 Rc1+ 47. Ke2 Ra1 48. Kd3 Nf6 49. Bf3 Ne8 50. a4 Nd6 51. Kd4 Rc1 52. Nc4 Nxc4 53. bxc4 Kf6 54. Be4 Ra1 55. Bc2 Rc1 56. Bd3 Ra1 57. c5 Rxa4+ 58. Bc4 Ra1 59. c6 Ke7 60. Kc5 Ra5+ 61. Bb5 a6 62. d6+ Ke6 63. c7 Rxb5+ 64. Kc6 Rb1 65. c8Q+ 1-0

[Event "Leipzig VfB op 22nd"]
[Site "Leipzig"]
[Date "2015.03.04"]
[Round "2"]
[White "Herfurth, Thomas"]
[Black "Kolakovic, Klaudio"]
[Result "0-1"]
[WhiteElo "1901"]
[BlackElo "2057"]
[PlyCount "102"]
[EventDate "2015.03.03"]
[EventType "swiss"]
[EventRounds "9"]
[EventCountry "GER"]
[SourceTitle "EXT 2016"]
[Source "ChessBase"]
[SourceDate "2015.10.08"]
[SourceVersion "1"]
[SourceVersionDate "2015.10.08"]
[SourceQuality "1"]

1. Nc3 d5 2. e4 d4 3. Nce2 e5 4. Ng3 Be6 5. Nf3 f6 6. b3 a6 7. Bc4 Bxc4 8. bxc4 Qd7 9. Nxe5 fxe5 10. Qh5+ Kd8 11. Qxe5 Nc6 12. Qd5 Nf6 13. Qxd7+ Kxd7 14. f3 Ne5 15. d3 Bb4+ 16. Bd2 Bxd2+ 17. Kxd2 b5 18. cxb5 axb5 19. Rhb1 Ra5 20. Ne2 c5 21. Rb2 Kc7 22. c3 dxc3+ 23. Kxc3 Rd8 24. Rd1 Nc6 25. Nc1 Nd4 26. Nb3 Nxb3 27. axb3 Rd4 28. Rdd2 b4+ 29. Kc2 Ra1 30. Rb1 Ra2+ 31. Kc1 Ra3 32. Kb2 Ne8 33. Rc1 Kb6 34. Rc4 Nd6 35. Rxd4 cxd4 36. Rc2 Ra5 37. f4 Rc5 38. Rf2 Rc3 39. Rf3 Nb5 40. f5 Na3 41. e5 Rc2+ 42. Ka1 Nb5 43. Kb1 Re2 44. f6 Nc3+ 45. Kc1 gxf6 46. exf6 Re8 47. Rh3 Rf8 48. Rxh7 Rxf6 49. Rg7 Rf1+ 50. Kc2 Rf2+ 51. Kc1 Ne2+ 0-1

[Event "Leipzig VfB op 22nd"]
[Site "Leipzig"]
[Date "2015.03.04"]
[Round "3"]
[White "Kolakovic, Klaudio"]
[Black "Graf, Alexander"]
[Result "0-1"]
[WhiteElo "2057"]
[BlackElo "2597"]
[PlyCount "74"]
[EventDate "2015.03.03"]
[EventType "swiss"]
[EventRounds "9"]
[EventCountry "GER"]
[SourceTitle "EXT 2016"]
[Source "ChessBase"]
[SourceDate "2015.10.08"]
[SourceVersion "1"]
[SourceVersionDate "2015.10.08"]
[SourceQuality "1"]

1. d4 g6 2. e4 Bg7 3. Nc3 d6 4. Be3 a6 5. a4 b6 6. Qd2 Nd7 7. h4 h6 8. f4 Ndf6 9. Be2 Ng4 10. h5 Nxe3 11. Qxe3 g5 12. fxg5 hxg5 13. Qxg5 Bxd4 14. Qd5 Bxc3+ 15. bxc3 Be6 16. Qb7 Nf6 17. Bxa6 Nd7 18. Bb5 0-0 19. Be2 Ra5 20. Nf3 Nc5 21. Qc6 Bc8 22. Qd5 e5 23. Qd2 Nxe4 24. Qh6 Qf6 25. Qxf6 Nxf6 26. Nd2 Be6 27. Rh4 Nd5 28. c4 Ne3 29. Kf2 Nxc2 30. Ra2 Nd4 31. g4 b5 32. Bd3 Rxa4 33. Rxa4 bxa4 34. Ne4 a3 35. Nf6+ Kg7 36. g5 a2 37. h6+ Kh8 0-1

[Event "Muensterland Regionalliga 1415"]
[Site "Germany"]
[Date "2015.01.17"]
[Round "5.3"]
[White "Liesmann, Karsten"]
[Black "Kolakovic, Klaudio"]
[Result "1/2-1/2"]
[WhiteElo "1995"]
[BlackElo "1986"]
[PlyCount "76"]
[EventDate "2014.09.20"]
[EventType "team-tourn"]
[EventRounds "9"]
[EventCountry "GER"]
[SourceTitle "EXT 2016"]
[Source "ChessBase"]
[SourceDate "2015.10.08"]
[SourceVersion "1"]
[SourceVersionDate "2015.10.08"]
[SourceQuality "1"]
[WhiteTeam "Bocholt"]
[BlackTeam "Suedlohn"]
[WhiteTeamCountry "GER"]
[BlackTeamCountry "GER"]

1. d4 g6 2. Nf3 Bg7 3. Nc3 d5 4. Bf4 Nf6 5. e3 0-0 6. Be2 Nh5 7. Bg5 h6 8. Bh4 Nf6 9. Ne5 c6 10. Bg3 Nbd7 11. h4 Nxe5 12. Bxe5 Ne4 13. Bxg7 Nxc3 14. Qd3 Kxg7 15. Qxc3 Qd6 16. 0-0-0 b5 17. g4 b4 18. Qd2 a5 19. f4 a4 20. f5 b3 21. a3 bxc2 22. Rdf1 Ba6 23. g5 gxf5 24. gxh6+ Kh8 25. Rxf5 Bxe2 26. Qxe2 Rab8 27. Qxc2 Rb3 28. Qe2 Qg3 29. Qf3 Rxe3 30. Qxg3 Rxg3 31. Re1 Rg4 32. Rxe7 Rxd4 33. Rf6 c5 34. Rc7 c4 35. Rfxf7 Rxf7 36. Rxf7 Rxh4 37. Ra7 Rxh6 38. Rxa4 Rh2 1/2-1/2